Harrison's principles of internal medicine (0 07 118320 5)
Αποθηκεύτηκε σε:
| Κύριος συγγραφέας: | |
|---|---|
| Μορφή: | Βιβλίο |
| Γλώσσα: | Undetermined |
| Έκδοση: |
McGraw-hill
2001
|
| Ετικέτες: |
Προσθήκη ετικέτας
Δεν υπάρχουν, Καταχωρήστε ετικέτα πρώτοι!
|
| Thư viện lưu trữ: | Trung tâm Học liệu Trường Đại học Cần Thơ |
|---|
| LEADER | 00568nam a2200145Ia 4500 | ||
|---|---|---|---|
| 001 | CTU_49446 | ||
| 008 | 210402s9999 xx 000 0 und d | ||
| 082 | |a 616 | ||
| 082 | |b H318/Vol.2 | ||
| 100 | |a Harrison's principles of internal medicine (0 07 118320 5) | ||
| 245 | 0 | |a Harrison's principles of internal medicine (0 07 118320 5) | |
| 245 | 0 | |c Harrison's principles of internal medicine (0 07 118320 5); Biên tập, hiệu đính: Eugene Braunwald ..[et al.] | |
| 260 | |b McGraw-hill | ||
| 260 | |c 2001 | ||
| 980 | |a Trung tâm Học liệu Trường Đại học Cần Thơ | ||